[Event "Pan American-ch U20"]
[Site "Cochabamba"]
[Date "2019.08.03"]
[Round "4"]
[White "Medrano, Sebastian"]
[Black "Ticona Rocabado, Licael Roderick"]
[Result "1/2-1/2"]
[WhiteElo "2086"]
[BlackElo "1693"]
[PlyCount "43"]
[EventDate "2019.08.01"]
[EventType "swiss"]
[EventRounds "9"]
[EventCountry "BOL"]
[SourceTitle "EXT 2020"]
[Source "ChessBase"]
[SourceDate "2019.10.17"]
[SourceVersion "1"]
[SourceVersionDate "2019.10.17"]
[SourceQuality "1"]

1. d4 Nf6 2. c4 g6 3. Nc3 Bg7 4. e4 d6 5. Be2 0-0 6. Bg5 Nbd7 7. Qd2 e5 8. d5 a5 9. f3 Nc5 10. g4 h6 11. Be3 b6 12. h4 h5 13. g5 Nfd7 14. Nh3 Re8 15. Nf2 Ba6 16. b3 Qe7 17. 0-0 Rac8 18. Qb2 Rf8 19. a3 Bb7 20. b4 axb4 21. axb4 Na6 22. c5 1/2-1/2

[Event "Pan American-ch U20"]
[Site "Cochabamba"]
[Date "2019.08.02"]
[Round "3"]
[White "Acosta, Pablo Ismael"]
[Black "Medrano, Sebastian"]
[Result "1-0"]
[WhiteElo "2440"]
[BlackElo "2086"]
[PlyCount "65"]
[EventDate "2019.08.01"]
[EventType "swiss"]
[EventRounds "9"]
[EventCountry "BOL"]
[SourceTitle "EXT 2020"]
[Source "ChessBase"]
[SourceDate "2019.10.17"]
[SourceVersion "1"]
[SourceVersionDate "2019.10.17"]
[SourceQuality "1"]

1. d4 Nf6 2. Nf3 e6 3. Bg5 b6 4. e4 h6 5. Bxf6 Qxf6 6. Bd3 Bb7 7. Nbd2 g6 8. Qe2 Bg7 9. c3 Qe7 10. 0-0-0 d6 11. h4 Nd7 12. Rhe1 0-0-0 13. Bb5 Kb8 14. Qc4 Rc8 15. d5 Ne5 16. Nxe5 Bxe5 17. Nf3 Bf6 18. Kb1 g5 19. h5 g4 20. Ng1 Rhg8 21. Ne2 Rg5 22. Nf4 Be5 23. Nd3 a5 24. b4 Qf6 25. Rc1 axb4 26. Nxb4 Qxf2 27. Bc6 b5 28. Bxb5 c5 29. Na6+ Ka7 30. Qa4 Bxc3 31. Nxc5+ Kb8 32. Nd7+ Kc7 33. Qa5+ 1-0

[Event "Pan American-ch U18"]
[Site "Santiago de Chile"]
[Date "2018.07.25"]
[Round "6"]
[White "Varacalli, Francisco"]
[Black "Medrano, Sebastian"]
[Result "1-0"]
[WhiteElo "2316"]
[BlackElo "2058"]
[PlyCount "47"]
[EventDate "2018.07.22"]
[EventType "swiss"]
[EventRounds "9"]
[EventCountry "CHI"]
[SourceTitle "EXT 2022"]
[Source "ChessBase"]
[SourceDate "2021.10.06"]
[SourceVersion "1"]
[SourceVersionDate "2021.10.06"]
[SourceQuality "1"]

1. e4 c5 2. Nf3 g6 3. d4 cxd4 4. Nxd4 Bg7 5. Nc3 Nc6 6. Be3 Nf6 7. Bc4 Qa5 8. 0-0 0-0 9. Bb3 d6 10. h3 Bd7 11. Re1 Rac8 12. Nf3 b5 13. Bg5 Rfe8 14. e5 b4 15. exf6 exf6 16. Qxd6 Be6 17. Rxe6 Red8 18. Qf4 bxc3 19. Bxf6 cxb2 20. Rb1 fxe6 21. Bxe6+ Kh8 22. Bxg7+ Kxg7 23. Qf7+ Kh6 24. g4 1-0

[Event "South America-ch U20 13th"]
[Site "Manta"]
[Date "2017.04.26"]
[Round "2"]
[White "Medrano, Sebastian"]
[Black "Fonseca Medina, Andree"]
[Result "0-1"]
[WhiteElo "2075"]
[BlackElo "1756"]
[PlyCount "70"]
[EventDate "2017.04.25"]
[EventType "swiss"]
[EventRounds "9"]
[EventCountry "ECU"]
[SourceTitle "CBM 178 Extra"]
[Source "ChessBase"]
[SourceDate "2017.06.22"]
[SourceVersion "1"]
[SourceVersionDate "2017.06.22"]
[SourceQuality "1"]

1. d4 Nf6 2. Bg5 Ne4 3. Bh4 g5 4. f3 gxh4 5. fxe4 c5 6. e3 Bh6 7. Bc4 e6 8. Qh5 Bxe3 9. Qxc5 Rg8 10. Bf1 Nc6 11. Nf3 h3 12. g3 Qf6 13. Qh5 Nxd4 14. Nxd4 Bxd4 15. Nd2 Qf2+ 16. Kd1 Bxb2 17. Rb1 Bc3 18. Qe2 Qd4 19. Qd3 b6 20. Rb3 Qxd3 21. cxd3 Bxd2 22. Kxd2 Bb7 23. Bxh3 f5 24. Re1 fxe4 25. dxe4 Ke7 26. Ke3 Rac8 27. Rd1 Rc4 28. Bg2 Rg4 29. Rbd3 Bc6 30. Bf3 Rg5 31. g4 Ra5 32. h4 Rxa2 33. e5 Ba4 34. Rf1 Bc2 35. Rf2 Ra5 0-1

[Event "BOL-ch"]
[Site "La Paz"]
[Date "2016.02.13"]
[Round "5"]
[White "Pinto, Daniel"]
[Black "Medrano, Sebastian"]
[Result "1/2-1/2"]
[WhiteElo "2074"]
[BlackElo "1941"]
[PlyCount "99"]
[EventDate "2016.02.11"]
[EventType "swiss"]
[EventRounds "7"]
[EventCountry "BOL"]
[SourceTitle "CBM 171 Extra"]
[Source "ChessBase"]
[SourceDate "2016.04.26"]
[SourceVersion "1"]
[SourceVersionDate "2016.04.26"]
[SourceQuality "1"]

1. e4 c5 2. Nf3 Nf6 3. e5 Nd5 4. d4 e6 5. c3 Nc6 6. Bd3 d6 7. exd6 Bxd6 8. 0-0 0-0 9. Nbd2 cxd4 10. cxd4 b6 11. Re1 Bb7 12. Nc4 Bf4 13. Re4 Bxc1 14. Rxc1 Ncb4 15. Bb1 Nf6 16. Rh4 Bxf3 17. Qxf3 Rc8 18. Qh3 g6 19. a4 a6 20. Qe3 b5 21. axb5 axb5 22. Ne5 Nbd5 23. Rxc8 Qxc8 24. Qh6 Qc7 25. Bd3 Rc8 26. Bxb5 Qc1+ 27. Qxc1 Rxc1+ 28. Bf1 g5 29. Rh3 Nf4 30. Re3 N6d5 31. g3 Nxe3 32. fxe3 Nd5 33. Nc4 Kf8 34. h3 Ke7 35. Kf2 Rc2+ 36. Kf3 f5 37. g4 f4 38. e4 Ne3 39. Nxe3 fxe3 40. Kxe3 Rxb2 41. Bc4 Rc2 42. Bd3 Rc3 43. e5 Ra3 44. Kd2 h6 45. Ke3 Kd7 46. Ke4 Kc6 47. Bc4 Kd7 48. d5 exd5+ 49. Bxd5 Rxh3 50. Kf5 1/2-1/2

[Event "BOL-ch"]
[Site "La Paz"]
[Date "2016.02.11"]
[Round "2"]
[White "Medrano, Sebastian"]
[Black "Gemy Vargas, Jose Daniel"]
[Result "0-1"]
[WhiteElo "1941"]
[BlackElo "2411"]
[PlyCount "58"]
[EventDate "2016.02.11"]
[EventType "swiss"]
[EventRounds "7"]
[EventCountry "BOL"]
[SourceTitle "CBM 171 Extra"]
[Source "ChessBase"]
[SourceDate "2016.04.26"]
[SourceVersion "1"]
[SourceVersionDate "2016.04.26"]
[SourceQuality "1"]

1. d4 Nf6 2. Bg5 e6 3. e4 h6 4. Bxf6 Qxf6 5. c3 c5 6. Nf3 b6 7. Nbd2 Bb7 8. Bd3 Qd8 9. 0-0 d6 10. b4 Nd7 11. Qa4 Qc7 12. Bb5 a6 13. Bxd7+ Qxd7 14. Qxd7+ Kxd7 15. bxc5 dxc5 16. Ne5+ Ke8 17. Rab1 b5 18. dxc5 Bxc5 19. a4 Rd8 20. axb5 Rxd2 21. bxa6 Bxa6 22. Rb8+ Ke7 23. Rxh8 Bxf2+ 24. Kh1 Bxf1 25. Rb8 Rd1 26. Rb7+ Ke8 27. Rb8+ Ke7 28. Rb7+ Kd8 29. Nxf7+ Kc8 0-1

[Event "South America-ch U16 12th"]
[Site "Santa Cruz"]
[Date "2015.12.05"]
[Round "5"]
[White "Medrano, Sebastian"]
[Black "Robledo, Cristian"]
[Result "0-1"]
[WhiteElo "1931"]
[BlackElo "2127"]
[PlyCount "86"]
[EventDate "2015.12.02"]
[EventType "swiss"]
[EventRounds "9"]
[EventCountry "BOL"]
[SourceTitle "CBM 170 Extra"]
[Source "ChessBase"]
[SourceDate "2016.02.25"]
[SourceVersion "1"]
[SourceVersionDate "2016.02.25"]
[SourceQuality "1"]

1. d4 d5 2. c4 c6 3. Nc3 Nf6 4. Bg5 Ne4 5. Nxe4 dxe4 6. Bf4 Nd7 7. e3 e5 8. dxe5 Bb4+ 9. Ke2 0-0 10. f3 Be7 11. Kf2 Qc7 12. Qd4 Nc5 13. b4 Ne6 14. Qxe4 Nxf4 15. exf4 f5 16. Qc2 Qb6+ 17. c5 Qxb4 18. Qc4+ Qxc4 19. Bxc4+ Kh8 20. Ne2 Bxc5+ 21. Kg3 b5 22. Bb3 Bb6 23. Rhd1 c5 24. a4 c4 25. Ba2 a6 26. Rab1 Bc5 27. Nd4 g6 28. Nc6 Be6 29. axb5 axb5 30. Rxb5 Be3 31. Bb1 Rac8 32. Nd4 Rfd8 33. Nxf5 gxf5 34. Rd6 Rg8+ 35. Kh4 Rg6 36. g4 fxg4 37. fxg4 Bxg4 38. Kg3 Rg7 39. f5 Bh5+ 40. Kh4 Bf3 41. Rb2 Rcg8 42. f6 Rg4+ 43. Kh3 R8g5 0-1

[Event "South America-ch U16 12th"]
[Site "Santa Cruz"]
[Date "2015.12.02"]
[Round "1"]
[White "Medrano, Sebastian"]
[Black "Escalante Ramirez, Brian Sebastian"]
[Result "0-1"]
[WhiteElo "1931"]
[BlackElo "2348"]
[PlyCount "110"]
[EventDate "2015.12.02"]
[EventType "swiss"]
[EventRounds "9"]
[EventCountry "BOL"]
[SourceTitle "CBM 170 Extra"]
[Source "ChessBase"]
[SourceDate "2016.02.25"]
[SourceVersion "1"]
[SourceVersionDate "2016.02.25"]
[SourceQuality "1"]

1. d4 Nf6 2. c4 g6 3. Nc3 Bg7 4. e4 d6 5. Be2 0-0 6. Bg5 Na6 7. Nf3 h6 8. Bh4 e5 9. dxe5 dxe5 10. Qxd8 Rxd8 11. Nd5 g5 12. Nxf6+ Bxf6 13. Bg3 Re8 14. 0-0-0 Nc5 15. Nd2 Ne6 16. Nb3 a5 17. a4 Nf4 18. Bxf4 exf4 19. f3 Kg7 20. Rd5 b6 21. Rhd1 Bb7 22. Nd4 Bxd5 23. Nf5+ Kg6 24. cxd5 Rad8 25. Bb5 Rh8 26. Rd2 Be5 27. Rc2 Kf6 28. Rc6+ Bd6 29. Nxd6 cxd6 30. Rxb6 g4 31. b4 gxf3 32. gxf3 axb4 33. a5 Ra8 34. a6 Ke5 35. Bc6 Ra7 36. Bb7 Rg8 37. Rxb4 Rg1+ 38. Kb2 Rg2+ 39. Kb3 Rxh2 40. Ka4 Rf2 41. Rb3 h5 42. Kb5 h4 43. Kb6 Rxa6+ 44. Bxa6 h3 45. Rb1 Rxf3 46. Kc6 h2 47. Rh1 Rf2 48. Bc8 Rc2+ 49. Kd7 Kxe4 50. Bb7 Kf3 51. Kxd6 Kg2 52. Ke5 Kxh1 53. d6+ Kg1 54. d7 Rd2 55. Bd5 Rxd5+ 0-1